000 00438nam a2200181Ia 4500
001 18479
005 20260306171633.0
008 260306s9999||||xx |||||||||||||| ||und||
041 _aESP
082 _a658.406
_bE75
100 _aCOEM 96
_eAUT
245 0 _aTransformación Estratégica:
_bUna exigencia de hoy
260 _c1996
300 _a320 páginas :
_c24 cm.
650 _aGEN
654 _aCAN
942 _cLIB
_dJUS
_fJUS
_2ddc
_n
999 _c18479
_d18479